书目信息 |
| 题名: |
直线压缩机技术
|
|
| 作者: | 邹慧明 , 唐明生 , 田长青 著 | |
| 分册: | ||
| 出版信息: | 北京 机械工业出版社 2025.06 |
|
| 页数: | 296页 | |
| 开本: | 24cm | |
| 丛书名: | ||
| 单 册: | ||
| 中图分类: | TB652 | |
| 科图分类: | ||
| 主题词: | 制冷压缩机--zhi leng ya suo ji | |
| 电子资源: | ||
| ISBN: | 978-7-111-77686-4 | |
| 000 | 01068nam0 2200289 450 | |
| 001 | 90381 | |
| 005 | 20250815180134.39 | |
| 010 | @a978-7-111-77686-4@dCNY99.00 | |
| 100 | @a20250609d2025 em y0chiy50 ea | |
| 101 | 0 | @achi |
| 102 | @aCN@b110000 | |
| 105 | @aak a 000yy | |
| 106 | @ar | |
| 200 | 1 | @a直线压缩机技术@Azhi xian ya suo ji ji shu@f邹慧明, 唐明生, 田长青著 |
| 210 | @a北京@c机械工业出版社@d2025.06 | |
| 215 | @a296页@c图@d24cm | |
| 312 | @a英文题名取自封面 | |
| 320 | @a有书目 (第290-296页) | |
| 330 | @a本书共分7章: 第1章是绪论部分 ; 第2章介绍了直线压缩机理论模型 ; 第3章介绍了直线压缩机特征参数 ; 第4章介绍了直线压缩机设计方法 ; 第5章介绍了直线压缩机制冷性能 ; 第6章介绍了直线压缩机控制技术 ; 第7章介绍了直线压缩机补气技术。 | |
| 510 | 1 | @aLinear compressor technology@zeng |
| 606 | 0 | @a制冷压缩机@Azhi leng ya suo ji |
| 690 | @aTB652@v5 | |
| 701 | 0 | @a邹慧明@Azou hui ming@4著 |
| 701 | 0 | @a唐明生@Atang ming sheng@4著 |
| 701 | 0 | @a田长青@Atian chang qing@4著 |
| 801 | 0 | @aCN@c20250909 |
| 905 | @a河南城建学院图书馆@dTB652@eZ966@f1 | |
| 直线压缩机技术/邹慧明, 唐明生, 田长青著.-北京:机械工业出版社,2025.06 |
| 296页:图;24cm |
| ISBN 978-7-111-77686-4:CNY99.00 |
| 本书共分7章: 第1章是绪论部分 ; 第2章介绍了直线压缩机理论模型 ; 第3章介绍了直线压缩机特征参数 ; 第4章介绍了直线压缩机设计方法 ; 第5章介绍了直线压缩机制冷性能 ; 第6章介绍了直线压缩机控制技术 ; 第7章介绍了直线压缩机补气技术。 |
| ● |
| 相关链接 |
|
|
|
正题名:直线压缩机技术
索取号:TB652/Z966
 
预约/预借
| 序号 | 登录号 | 条形码 | 馆藏地/架位号 | 状态 | 备注 |
| 1 | 1624343 | 216243438 | 自科库501/501自科库 18排2列4层/ [索取号:TB652/Z966] | 在馆 |